Hűbéri lánc Sándorfalván? bőségkosár, vacsoraest /

Elmentve itt :
Bibliográfiai részletek
Szerző: Ódor József
Dokumentumtípus: Cikk
Megjelent: 1990-10-12
Sorozat:Délmagyarország 80 No. 260
Kulcsszavak:Kónya József, Darázs Sándor, Sándorfalva, Politikai élet helyhatósági választás 1990 Sándorfalva, Közigazgatás önkormányzati választás 1990 polgármester Sándorfalva
Online Access:http://dmarchiv.bibl.u-szeged.hu/85759
LEADER 00647nab a2200157 i 4500
001 delm85759
005 20190924133630.0
008 190924s1990 hu o 0|| hun d
040 |a SZTE Délmagyarország Archívum  |b hun 
041 |a hun 
100 1 |a Ódor József 
245 1 0 |a Hűbéri lánc Sándorfalván?   |h [elektronikus dokumentum] :  |b bőségkosár, vacsoraest /  |c  Ódor József 
260 |c 1990-10-12 
300 |a 3 
490 0 |a Délmagyarország  |v 80 No. 260 
695 |a Kónya József, Darázs Sándor, Sándorfalva, Politikai élet helyhatósági választás 1990 Sándorfalva, Közigazgatás önkormányzati választás 1990 polgármester Sándorfalva